Witamy w Bibliotece Naukowej Instytutu Łączności!

Drgania nieliniowe / (Rekord nr 8143)

000 -LEADER
fixed length control field 01487cam a2200445 i 4500
001 - CONTROL NUMBER
control field vtls000104728
003 - CONTROL NUMBER IDENTIFIER
control field NUKAT
005 - DATE AND TIME OF LATEST TRANSACTION
control field 20181114102212.0
008 - FIXED-LENGTH DATA ELEMENTS--GENERAL INFORMATION
fixed length control field 030228s1967 pl a f |001 0 pol c
035 ## - SYSTEM CONTROL NUMBER
System control number zz2003823187
039 #9 - LEVEL OF BIBLIOGRAPHIC CONTROL AND CODING DETAIL [OBSOLETE]
Level of rules in bibliographic description 201706131346
Level of effort used to assign nonsubject heading access points vabyd
Level of effort used to assign subject headings 201504230907
Level of effort used to assign classification kopumk
Level of effort used to assign subject headings 201310030933
Level of effort used to assign classification vuwm
Level of effort used to assign subject headings 201306170112
Level of effort used to assign classification VLOAD
040 ## - CATALOGING SOURCE
Original cataloging agency KR U/28JW
Transcribing agency KR U/28JW
Modifying agency KR U/28JW
-- Ł 30/MS
-- GL 001/FAN
041 1# - LANGUAGE CODE
Language code of text/sound track or separate title pol
Language code of original and/or intermediate translations of text eng
100 1# - MAIN ENTRY--PERSONAL NAME
Personal name Minorsky, Nicolai
Dates associated with a name (1885- ).
240 10 - UNIFORM TITLE
Uniform title Nonlinear oscillations
Language of a work (pol.)
245 10 - TITLE STATEMENT
Title Drgania nieliniowe /
Statement of responsibility, etc N. Minorsky ; [tł. Ryszard B. Hetnarski, Zenon Mróz].
260 ## - PUBLICATION, DISTRIBUTION, ETC. (IMPRINT)
Place of publication, distribution, etc Warszawa :
Name of publisher, distributor, etc Państwowe Wydawnictwo Naukowe,
Date of publication, distribution, etc 1967.
300 ## - PHYSICAL DESCRIPTION
Extent 670, [1] s. :
Other physical details il. ;
Dimensions 25 cm.
504 ## - BIBLIOGRAPHY, ETC. NOTE
Bibliography, etc Indeks.
650 ## - SUBJECT ADDED ENTRY--TOPICAL TERM
Topical term or geographic name as entry element Oscylacje.
650 ## - SUBJECT ADDED ENTRY--TOPICAL TERM
Topical term or geographic name as entry element Teorie nieliniowe.
951 ## - EQUIVALENCE OR CROSS-REFERENCE-GEOGRAPHIC NAME/AREA NAME [OBSOLETE] [CAN/MARC only]
Geographic name KIEL_008
700 1# - ADDED ENTRY--PERSONAL NAME
Personal name Hetnarski, Richard B.
Dates associated with a name (1928- ).
Relator term Tł.
700 1# - ADDED ENTRY--PERSONAL NAME
Personal name Mróz, Zenon
Dates associated with a name (1930- ).
Relator term Tł.
710 2# - ADDED ENTRY--CORPORATE NAME
Corporate name or jurisdiction name as entry element Państwowe Wydawnictwo Naukowe (1951-1992).
Relator code pbl
9 (RLIN) 995
982 ## - EQUIVALENCE OR CROSS-REFERENCE-SERIES STATEMENT--CONFERENCE OR MEETING NAME/TITLE [LOCAL, CANADA]
Meeting name or jurisdiction name as entry element BYDG_24
942 ## - ADDED ENTRY ELEMENTS (KOHA)
Source of classification or shelving scheme
Koha item type Książki
980 ## - EQUIVALENCE OR CROSS-REFERENCE-SERIES STATEMENT--PERSONAL NAME/TITLE [LOCAL, CANADA]
Personal name SZCZ_ZUT
Egzemplarze
Withdrawn status Lost status Source of classification or shelving scheme Damaged status Not for loan Permanent Location Current Location Shelving location Date acquired Inventory number Full call number Barcode Date last seen Price effective from Koha item type
          Instytut Łączności Instytut Łączności Magazyn 1967-06-09 22759 22759 22759 2022-10-18 2017-11-30 Książki

Działa dzięki Koha